White Sox WAR Leaders by Year - Statistics

General Stats
  • This quiz has been taken 34 times
    32 since last reset
  • The average score is 29 of 56
Answer Stats
Year WAR Position Answer % Correct
2000 6.0 DH Frank Thomas
96%
1997 7.3 1B Frank Thomas
96%
1995 5.3 1B Frank Thomas
96%
1994 6.4 1B Frank Thomas
96%
1993 6.2 1B Frank Thomas
96%
1992 7.0 1B Frank Thomas
96%
1991 7.0 1B Frank Thomas
96%
2020 3.0 1B Jose Abreu
89%
2017 4.9 1B Jose Abreu
89%
2018 3.7 SS Tim Anderson
89%
2014 6.1 SP Chris Sale
86%
2013 6.5 SP Chris Sale
86%
2012 5.6 SP Chris Sale
86%
2023 5.0 CF Luis Robert Jr.
82%
2011 3.8 SP Mark Buehrle
75%
2009 5.5 SP Mark Buehrle
75%
2005 4.8 SP Mark Buehrle
75%
2001 6.0 SP Mark Buehrle
75%
2022 6.4 SP Dylan Cease
68%
2006 4.9 DH Jim Thome
64%
2019 5.5 SP Lucas Giolito
64%
1990 4.9 C Carlton Fisk
61%
1989 3.3 C Carlton Fisk
61%
2011 3.8 SS Alexi Ramirez
57%
2010 5.6 SS Alexi Ramirez
57%
2021 5.5 SP Lance Lynn
54%
1986 2.9 RF Harold Baines
50%
1984 4.3 RF Harold Baines
50%
2002 5.2 RF Magglio Ordonez
46%
1999 5.8 RF Magglio Ordonez
46%
2024 4.7 SP Erick Fedde
43%
1988 3.4 SS Ozzie Guillen
43%
1970 5.7 SP Tommy John
43%
2016 6.6 RF Adam Eaton
39%
2015 4.1 RF Adam Eaton
39%
2008 6.4 SP John Danks
39%
2004 5.7 CF Aaron Rowand
36%
1998 7.1 LF Albert Belle
36%
1973 7.5 SP Wilbur Wood
32%
1972 10.3 SP Wilbur Wood
32%
1971 11.0 SP Wilbur Wood
32%
2007 6.1 SP Javier Vazquez
25%
2003 7.2 SP Esteban Loaiza
21%
1982 5.0 SP LaMarr Hoyt
21%
1985 5.0 SP Tom Seaver
18%
1996 6.4 SP Alex Fernandez
14%
1981 4.1 CF Chet Lemon
14%
1979 5.8 CF Chet Lemon
14%
1978 4.9 CF Chet Lemon
14%
1977 5.9 CF Chet Lemon
14%
1975 8.2 CP Goose Gossage
14%
1974 7.0 SP Jim Kaat
14%
1987 4.2 RF Ivan Calderon
11%
1983 5.1 SP Richard Dotson
11%
1980 7.0 SP Britt Burns
4%
1976 4.0 SP Ken Brett
4%
No matching quizzes found
Score Distribution
Percent of People with Each Score
Percentile by Number Answered
Your Score History
You have not taken this quiz since the last reset